Statistiken für English Vocabs

Klicken Sie hier um das Quiz zu spielen!

Allgemein

  • Dieses Quiz wurde 101 mal gespielt
  • Das Durchschnittsergebnis liegt bei 5 aus 46

Antwortstatistiken

German WordVocab% Korrekt
investierento invest
59%
Krisecrisis
50%
Kampagnecampaign
35%
zweisprachigbilingual
34%
seelische Gesundheitmental health
34%
Essstörungeating disorder
28%
reformierento reform
21%
lächerlichridiculous
20%
versterbento pass away
16%
Botschafterambassador
13%
Etymologieetymology
13%
Windturbinewind turbine
13%
danachafterwards
11%
Hochschulabsolventgraduate
11%
tippento type
11%
Abkürzungabbreviation
10%
SchottischScots
10%
Unterkunfthousing
9%
Sonnenkollektorsolar panel
7%
FondsFund
6%
Gefahrhazard
6%
Redewendungidiom
6%
Synonymwörterbuchthesaurus
6%
unparteiischimpartial
5%
aussprechento pronounce
5%
Sozialhilfewelfare
5%
Anführungszeicheninverted comma
4%
die Stimme abgebento cast one's vote
4%
Rückstandbacklog
2%
Beratungconsultation
2%
Gemeinderatcouncillor
2%
Aussetzungexposure
2%
Aktioninitiative
2%
in Untersuchungshafton remand
2%
Wortartpart of speech
2%
Aussageproposition
2%
eintreten fürto champion
2%
abrundento complement
2%
verurteilento convict
2%
die Gegenprobe machento cross-check
2%
faszinierento engage
2%
sich abzeichnento loom
2%
veranlassento prompt
2%
ausstellento showcase
2%
treffento strike
2%
aufrechterhaltento uphold
2%

Verteilung der Resultate

Perzentil nach korrekt beantworteten Fragen

Anzahl Personen mit jedem Resultat

Ihre Resultats-Entwicklung

Sie haben dieses Quiz noch nicht gespielt